Yu-Gi-Oh! All "Number" monsters - Statistics

General Stats
  • This quiz has been taken 79 times
    69 since last reset
  • The average score is 69 of 141
Answer Stats
Hint Answer % Correct
C39 Utopia Ray
93%
C39 Utopia Ray V
93%
C39 Utopia Ray Victory
93%
39 Utopia Roots
93%
39 Utopia
90%
93 Utopia Kaiser
90%
11 Big Eye
77%
9 Dyson Sphere
70%
95 Galaxy-Eyes Dark Matter Dragon
70%
90 Galaxy-Eyes Photon Lord
70%
62 Galaxy-Eyes Prime Photon Dragon
70%
107 Galaxy-Eyes Tachyon Dragon
70%
C88 Gimmick Puppet Disaster Leo
70%
15 Gimmick Puppet Giant Grinder
70%
C40 Gimmick Puppet of Dark Strings
70%
88 Gimmick Puppet of Leo
70%
40 Gimmick Puppet of Strings
70%
10 Illumiknight
70%
C62 Neo Galaxy-Eyes Prime Photon Dragon
70%
C107 Neo Galaxy-Eyes Tachyon Dragon
70%
C105 Battlin' Boxer Comet Cestus
67%
C79 Battlin' Boxer General Kaiser
67%
79 Battlin' Boxer Nova Kaiser
67%
105 Battlin' Boxer Star Cestus
67%
6 Chronomaly Atlandis
67%
36 Chronomaly Chateau Huyuk
67%
33 Chronomaly Machu Mech
67%
53 Heart-eartH
67%
C92 Heart-eartH Chaos Dragon
67%
92 Heart-eartH Dragon
67%
4 Numeron Gate Catvari
67%
2 Numeron Gate Dve
67%
1 Numeron Gate Ekam
67%
3 Numeron Gate Trini
67%
32 Shark Drake
67%
96 Dark Mist
63%
106 Giant Hand
63%
20 Giga-Brilliant
63%
17 Leviathan Dragon
63%
16 Shock Master
63%
100 Numeron Dragon
60%
101 Silent Honor ARK
60%
C101 Silent Honor DARK
60%
34 Terror-Byte
60%
99 Utopic Dragon
60%
30 Acid Golem of Destruction
57%
69 Heraldry Crest
57%
C69 Heraldry Crest of Horror
57%
54 Lion Heart
57%
7 Lucky Straight
57%
104 Masquerade
57%
C103 Ragnafinity
57%
103 Ragnazero
57%
44 Sky Pegasus
57%
83 Galaxy Queen
53%
C106 Giant Red Hand
53%
56 Gold Rat
53%
73 Abyss Splash
50%
98 Antitopian
50%
C9 Chaos Dyson Sphere
50%
97 Draglubion
50%
25 Force Focus
50%
C32 Shark Drake Veiss
50%
C104 Umbral Horror Masquerade
50%
46 Dragluon
47%
19 Freezadon
47%
38 Hope Harbinger Dragon Titanic Galaxy
47%
77 The Seven Sins
47%
61 Volcasaurus
47%
BNo. 3 Cicada King
43%
C96 Dark Storm
43%
5 Doom Chimera Dragon
43%
13 Embodiment of Crime
43%
31 Embodiment of Punishment
43%
42 Galaxy Tomahawk
43%
8 Heraldic King Genom-Heritage
43%
86 Heroic Champion - Rhongomyniad
43%
C1 Numeron Chaos Gate Sunya
43%
102 Star Seraph Sentry
43%
BNo. 4 Stealth Kragen
43%
C102 Archfiend Seraph
40%
41 Bagooska the Terribly Tired Tapir
40%
50 Blackship of Corn
40%
58 Burner Visor
40%
12 Crimson Shadow Armor Ninja
40%
94 Crystalzero
40%
65 Djinn Buster
40%
49 Fortune Tune
40%
BNo. 1 Infection Buzz King
40%
78 Number Archive
40%
71 Rebarian Shark
40%
22 Zombiestein
40%
C5 Chaos Chimera Dragon
37%
C6 Chronomaly Chaos Atlandis
37%
85 Crazy Box
37%
27 Dreadnought Dreadnoid
37%
37 Hope Woven Dragon Spider Shark
37%
43 Manipulator of Souls
37%
66 Master Key Beetle
37%
74 Master of Blades
37%
C1000 Numerounius
37%
80 Rhapsody in Berserk
37%
57 Tri-Head Dust Dragon
37%
C73 Abyss Supra Splash
33%
89 Diablosis the Mind Hacker
33%
52 Diamond Crab King
33%
24 Dragulas the Vampiric Dragon
33%
55 Gogogo Goliath
33%
14 Greedy Sarameya
33%
23 Lancelot, Dark Knight of the Underworld
33%
29 Mannequin Cat
33%
47 Nightmare Shark
33%
iC1000 Numerounius Numerounia
33%
84 Pain Gainer
33%
87 Queen of the Night
33%
35 Ravenous Tarantula
33%
91 Thunder Spark Dragon
33%
28 Titanic Moth
33%
75 Bamboozling Gossip Shadow
30%
59 Crooked Cook
30%
60 Dugares the Timeless
30%
C15 Gimmick Puppet Giant Hunter
30%
18 Heraldry Patriarch
30%
70 Malevolent Sin
30%
BNo. 2 Ninja Shadow Mosquito
30%
67 Pair-a-Dice Smasher
30%
C80 Requiem in Berserk
30%
68 Sanaphond the Sky Prison
30%
48 Shadow Lich
30%
63 Shamoji Soldier
30%
72 Shogi Rook
30%
45 Crumble Logos the Prophet of Demolition
27%
51 Finisher the Strong Arm
27%
21 Frozen Lady Justice
27%
82 Heartlandraco
27%
64 Ronin Racoon Sandayu
27%
26 Spaceway Octobypass
27%
81 Superdreadnought Rail Cannon Super Dora
27%
76 Harmonizer Gradielle
23%
C43 High Manipulator of Chaos
23%
C65 King Overfiend
23%
No matching quizzes found
Score Distribution
Percent of People with Each Score
Percentile by Number Answered
Your Score History
You have not taken this quiz since the last reset